|
|
|
|
| LEADER |
00000naa2a2200000 4500 |
| 001 |
184234 |
| 005 |
20231031172124.0 |
| 035 |
|
|
|a (RuTPU)RU\TPU\book\199734
|
| 090 |
|
|
|a 184234
|
| 100 |
|
|
|a 20100831d2004 k y0rusy50 ca
|
| 101 |
0 |
|
|a rus
|
| 102 |
|
|
|a RU
|
| 200 |
1 |
|
|a Некоторые аспекты проблем развития малой гидро- и ветроэнергетики
|f И. Н. Россамахин, И. А. Сафьянников
|
| 320 |
|
|
|a Библиогр.: 5 назв.
|
| 463 |
|
0 |
|0 (RuTPU)RU\TPU\book\69928
|y 5-94621-086-6
|t Электроэнергия и будущее цивилизации
|o Материалы Международной научно-технической конференции
|f Томский политехнический университет и др.
|v С. 167-169
|d 2004
|p 551 с.
|
| 610 |
1 |
|
|a ветроэнергетика
|
| 610 |
1 |
|
|a гидроэнергетика
|
| 610 |
1 |
|
|a малые энергоустановки
|
| 610 |
1 |
|
|a возобновляемые источники энергии
|
| 610 |
1 |
|
|a труды учёных ТПУ
|
| 700 |
|
1 |
|a Россамахин
|b И. Н.
|
| 701 |
|
1 |
|a Сафьянников
|b И. А.
|c учёный в области инженерной педагогики
|c доцент Томского политехнического университета
|g Игорь Александрович
|2 stltpush
|3 (RuTPU)RU\TPU\pers\26720
|
| 801 |
|
1 |
|a RU
|b 63413507
|c 20100831
|
| 942 |
|
|
|c BK
|